Statistiques concernant Alphabet à l'envers en 30 secondes

Cliquez ici pour prendre le quiz!

Statistiques générales

  • Ce quiz a été pris 157 fois
  • Le résultat moyen est 19 sur 26

Statistiques - réponses

Lettres% Correct
Z
100%
X
98%
Y
98%
W
97%
V
95%
U
91%
T
89%
S
87%
R
84%
Q
80%
P
76%
N
75%
O
75%
M
74%
L
71%
K
70%
J
64%
I
63%
H
59%
G
57%
F
56%
E
53%
D
49%
A
47%
C
47%
B
46%

Distribution des résultats

Percentile par nombre de réponses

% des personnes avec chaque résultat

Votre développement - résultats

Vous n’avez pas pris ce quiz